| 000 | 00871nam a2200241Ia 4500 | ||
|---|---|---|---|
| 008 | 191130s2004##################000#0#eng## | ||
| 020 | _a9781843768272 | ||
| 022 | _a2004054864 | ||
| 040 |
_aACL _cACL |
||
| 082 | _a330.951 WEB | ||
| 245 |
_aWelfare, environment, and changing US-Chinese relations : 21st century challenges in China _cedited by Maria Weber |
||
| 260 |
_aCheltenham, UK _bEdward Elgar Pub. in association with ISPI _cc2004 |
||
| 300 | _axxxi, 181 p. : ill. ; 25 cm | ||
| 500 | _aIncludes bibliographical references and index | ||
| 650 | _aChina - Economic policy | ||
| 650 | _aChina - Foreign economic relations - United States | ||
| 650 | _aChina - Social policy | ||
| 650 | _aUnited States - Foreign economic relations - China | ||
| 700 | _aWeber, Maria | ||
| 990 | _a906dc2eeac10000c395a04818389e676 | ||
| 991 | _a31626 | ||
| 999 |
_c93763 _d93763 |
||